<?xml version="1.0" encoding="UTF-8"?>
<record
    xmlns:xsi="http://www.w3.org/2001/XMLSchema-instance"
    xsi:schemaLocation="http://www.loc.gov/MARC21/slim http://www.loc.gov/standards/marcxml/schema/MARC21slim.xsd"
    xmlns="http://www.loc.gov/MARC21/slim">

  <leader>01442nam a2200217Ia 4500</leader>
  <controlfield tag="001">a1541-39111 </controlfield>
  <controlfield tag="003">IT-MiCISF</controlfield>
  <controlfield tag="008">161014s9999||||xx |||||||||||||| ||und||</controlfield>
  <datafield tag="040" ind1=" " ind2=" ">
    <subfield code="a">IT-MiCISF</subfield>
    <subfield code="c">IT-MiCISF</subfield>
  </datafield>
  <datafield tag="041" ind1=" " ind2=" ">
    <subfield code="a">it</subfield>
  </datafield>
  <datafield tag="100" ind1=" " ind2=" ">
    <subfield code="a">Aramini Michele</subfield>
    <subfield code="9">59476</subfield>
  </datafield>
  <datafield tag="245" ind1=" " ind2="0">
    <subfield code="a">Fare famiglia oggi.</subfield>
    <subfield code="b">Spunti per accogliere e orientare i fidanzati</subfield>
  </datafield>
  <datafield tag="260" ind1=" " ind2=" ">
    <subfield code="a"> Milano,</subfield>
    <subfield code="b">In Dialogo,</subfield>
    <subfield code="c">2004</subfield>
  </datafield>
  <datafield tag="300" ind1=" " ind2=" ">
    <subfield code="a">pp. 173</subfield>
  </datafield>
  <datafield tag="500" ind1=" " ind2=" ">
    <subfield code="a"> pastorale-prematrimoniale, giovani, amore, sessualit&#xE0;, spiritualit&#xE0;-coniugale </subfield>
  </datafield>
  <datafield tag="520" ind1=" " ind2=" ">
    <subfield code="a"> E' possibile "fare famiglia oggi"? E' possibile educare ad un'idea positiva di famiglia i giovani che partecipano ai corsi per fidanzati? Il volume intende rispondere a queste domande, affrontando le problematiche sociologiche (E. Zucchetti) e filosofico-morali (M. Aramini) del tema, e addentrandosi nelle dinamiche psicologiche della crescita affettiva (G. Mauri) e della relazione sessuale  e dello sviluppo dell'amore (G. Gillini e M. Zattoni). Il tutto avendo come sfondo il messaggio biblico sull'amore umano (L. Moscatelli) e sulla spiritualit&#xE0; coniugale (G. Campanini), mentre in conclusione vengono affrontati alcuni temi di frontiera della medicina e della cultura attuale (C. Casalone).</subfield>
  </datafield>
  <datafield tag="650" ind1=" " ind2=" ">
    <subfield code="a"> Temi di pastorale / pastorale-familiare</subfield>
    <subfield code="e">012</subfield>
    <subfield code="9">60917</subfield>
  </datafield>
  <datafield tag="700" ind1=" " ind2=" ">
    <subfield code="a">Campanini G., Casalone C., Gillini G., Moscatelli L., Mauri G., Zattoni M., Zucchetti E. </subfield>
    <subfield code="9">60919</subfield>
  </datafield>
  <datafield tag="942" ind1=" " ind2=" ">
    <subfield code="c">BK</subfield>
    <subfield code="2">ddc</subfield>
  </datafield>
  <datafield tag="999" ind1=" " ind2=" ">
    <subfield code="c">217682</subfield>
    <subfield code="d">217682</subfield>
  </datafield>
  <datafield tag="999" ind1=" " ind2=" ">
    <subfield code="b">si</subfield>
  </datafield>
  <datafield tag="952" ind1=" " ind2=" ">
    <subfield code="0">0</subfield>
    <subfield code="1">0</subfield>
    <subfield code="4">0</subfield>
    <subfield code="6">A_154139111</subfield>
    <subfield code="7">1</subfield>
    <subfield code="a">CISF</subfield>
    <subfield code="b">CISF</subfield>
    <subfield code="d">2016-10-14</subfield>
    <subfield code="l">0</subfield>
    <subfield code="o">a1541-39111 </subfield>
    <subfield code="r">2016-10-14 00:00:00</subfield>
    <subfield code="w">2016-10-14</subfield>
    <subfield code="y">BK</subfield>
    <subfield code="z">Data import 15.10.2016 / by Epidotti, Vaglietti</subfield>
  </datafield>
</record>
